Анализ режимных параметров процесса гидродепарафинизации; Перспективы развития фундаментальных наук

Bibliografiske detaljer
Parent link:Перспективы развития фундаментальных наук.— 2013.— [С. 257-259]
Hovedforfatter: Белинская Н. С. Наталия Сергеевна
Institution som forfatter: Национальный исследовательский Томский политехнический университет (ТПУ) Институт природных ресурсов (ИПР) Кафедра химической технологии топлива и химической кибернетики (ХТТ)
Andre forfattere: Силко Г. Ю. Галина Юрьевна (научный руководитель), Францина Е. В. Евгения Владимировна, Иванчина Э. Д. Эмилия Дмитриевна, Ивашкина Е. Н. Елена Николаевна
Summary:Заглавие с экрана
В данной работе рассматривается влияние ключевых технологических параметров на эффективность процесса гидродепарафинизации дизельных топлив, таких как температура, давление, объемная скорость подачи сырья и кратность циркуляции водородсодержащего газа по отношению к сырью.
Sprog:russisk
Udgivet: 2013
Serier:Химия
Fag:
Online adgang:http://www.lib.tpu.ru/fulltext/c/2013/C21/084.pdf
Format: MixedMaterials Electronisk Book Chapter
KOHA link:https://koha.lib.tpu.ru/cgi-bin/koha/opac-detail.pl?biblionumber=603681

MARC

LEADER 00000naa2a2200000 4500
001 603681
005 20260410071620.0
035 |a (RuTPU)RU\TPU\conf\877 
035 |a RU\TPU\conf\853 
090 |a 603681 
100 |a 20140131d2013 k y0rusy50 ca 
101 0 |a rus 
102 |a RU 
135 |a drcn ---uucaa 
181 0 |a i  
182 0 |a b 
200 1 |a Анализ режимных параметров процесса гидродепарафинизации  |d Analysis of operation factors in hydrodewaxing process  |f Н. С. Белинская, Г. Ю. Силко, Е. В. Францина  |g науч. рук. Э. Д. Иванчина, Е. Н. Ивашкина 
203 |a Текст  |c электронный 
215 |a 1 файл(332 Кб) 
225 1 |a Химия 
300 |a Заглавие с экрана 
320 |a [Библиогр.: с. 259 (3 назв.)] 
330 |a В данной работе рассматривается влияние ключевых технологических параметров на эффективность процесса гидродепарафинизации дизельных топлив, таких как температура, давление, объемная скорость подачи сырья и кратность циркуляции водородсодержащего газа по отношению к сырью. 
337 |a Adobe Reader 
463 1 |0 (RuTPU)RU\TPU\conf\715  |t Перспективы развития фундаментальных наук  |l Prospects of fundamental sciences development  |o сборник научных трудов X Международной конференция студентов и молодых ученых, г. Томск, 23-26 апреля 2013 г.  |f Национальный исследовательский Томский политехнический университет (ТПУ) ; ред. коллегия Е. А. Вайтулевич ; Г. А. Лямина ; Г. А. Воронова ; М. Е. Семенов ; А. В. Устинов ; Н. С. Пушилина  |v [С. 257-259]  |d 2013 
510 1 |a Analysis of operation factors in hydrodewaxing process  |z eng 
610 1 |a электронный ресурс 
610 1 |a труды учёных ТПУ 
610 1 |a режимные параметры 
610 1 |a гидродепарафинизация 
700 1 |a Белинская  |b Н. С.  |c химик  |c доцент Томского политехнического университета, кандидат технических наук  |f 1989-  |g Наталия Сергеевна  |y Томск  |3 (RuTPU)RU\TPU\pers\30822  |9 15069 
701 1 |a Силко  |b Г. Ю.  |c химик  |c ассистент Томского политехнического университета, лаборант  |f 1990-  |g Галина Юрьевна  |3 (RuTPU)RU\TPU\pers\35978  |9 19119 
701 1 |a Францина  |b Е. В.  |c химик-технолог  |c доцент Томского политехнического университета, кандидат технических наук  |f 1985-  |g Евгения Владимировна  |3 (RuTPU)RU\TPU\pers\25034  |9 11167 
702 1 |a Иванчина  |b Э. Д.  |c химик  |c профессор Томского политехнического университета, доктор технических наук  |f 1951-  |g Эмилия Дмитриевна  |4 727 
702 1 |a Ивашкина  |b Е. Н.  |c химик-технолог  |c доцент Томского политехнического университета, кандидат технических наук  |f 1983-  |g Елена Николаевна  |4 727 
712 0 2 |a Национальный исследовательский Томский политехнический университет (ТПУ)  |b Институт природных ресурсов (ИПР)  |b Кафедра химической технологии топлива и химической кибернетики (ХТТ)  |3 (RuTPU)RU\TPU\col\18665 
801 1 |a RU  |b 63413507  |c 20101016 
801 2 |a RU  |b 63413507  |c 20230324  |g RCR 
856 4 |u http://www.lib.tpu.ru/fulltext/c/2013/C21/084.pdf 
942 |c CF